|
|
|
|
| LEADER |
00000nas a2200000 i 4500 |
| 001 |
ssj0059311 |
| 003 |
WaSeSS |
| 005 |
20200512172242.0 |
| 006 |
m d |
| 007 |
cr n |
| 008 |
100321u1939uuuuck fx p s 0 0spa c |
| 010 |
|
|
|a 2015240351
|
| 015 |
|
|
|a 01394195X
|2 dnb
|
| 016 |
7 |
|
|a 01394195X
|2 DE-101
|
| 016 |
7 |
|
|a 731019-5
|2 DE-600
|
| 016 |
7 |
|
|a 9879804
|2 DNLM
|
| 016 |
7 |
|
|a R34465000
|2 DNLM
|
| 016 |
7 |
|
|a 009222168
|2 Uk
|
| 022 |
|
|
|a 2248-7026
|y 0304-2847
|
| 035 |
|
|
|a (WaSeSS)ssj0059311
|
| 040 |
|
|
|a OCLCE
|b eng
|e pn
|c OCLCE
|d OCLCQ
|d OCLCF
|d OCLCQ
|d OCLCO
|d RDF
|d UKMGB
|d CUS
|d IXA
|d OCLCO
|d U3W
|d VT2
|d OCLCA
|d WaSeSS
|
| 041 |
0 |
|
|a spa
|a eng
|
| 042 |
|
|
|a dlr
|a pcc
|
| 043 |
|
|
|a s-ck---
|
| 245 |
0 |
0 |
|a Revista Facultad Nacional de Agronomía
|h [electronic resource].
|
| 246 |
1 |
|
|a Facultad Nacional de Agronomía
|
| 246 |
1 |
|
|i Issues for <Dec. 1967-> have title:
|a Revista Facultad Nacional de Agronomía, Medellín
|
| 260 |
|
|
|a [Medellín, Colombia, S.A.] :
|b Facultad Nacional de Agronomía,
|c [1939]-
|
| 310 |
|
|
|a Semiannual,
|b 1997-
|
| 321 |
|
|
|a Irregular,
|b 1939-1996
|
| 362 |
1 |
|
|a Began with Vol. 1, núm. 1 (agosto 1939).
|
| 506 |
|
|
|a License restrictions may limit access.
|
| 515 |
|
|
|a Vols. 1- called also año 1-
|
| 515 |
|
|
|a Numbering changes: 1939-1971 called vol. 1-26, no. 1-68; 1972-<1982> called vol. 27, no. 1-vol. <35, no. 1>
|
| 538 |
|
|
|a Master and use copy. Digital master created according to Benchmark for Faithful Digital Reproductions of Monographs and Serials, Version 1. Digital Library Federation, December 2002.
|u http://purl.oclc.org/DLF/benchrepro0212
|5 MiAaHDL
|
| 546 |
|
|
|a In Spanish and English; abstracts in both languages.
|
| 555 |
|
|
|a Vol. 1 (1939)-10 (1949). 1 v.
|
| 583 |
1 |
|
|a digitized
|c 2010
|h HathiTrust Digital Library
|l committed to preserve
|2 pda
|5 MiAaHDL
|
| 588 |
|
|
|a Description based on print version record; title from cover.
|
| 588 |
|
|
|a Description based on: Vol. 1, núm. 1 (agosto 1939); title from HTML header (publisher's Web site viewed Aug. 5, 2015).
|
| 588 |
|
|
|a Latest issue consulted: Vol. 68, núm. 2 (2015) (viewed Aug. 5, 2015).
|
| 650 |
|
0 |
|a Agriculture
|z Colombia
|v Periodicals.
|
| 650 |
|
0 |
|a Agriculture
|v Periodicals.
|
| 650 |
|
7 |
|a Agriculture.
|2 fast
|0 (OCoLC)fst00801355
|
| 651 |
|
7 |
|a Colombia.
|2 fast
|0 (OCoLC)fst01205916
|
| 655 |
|
0 |
|a Electronic journals.
|
| 710 |
2 |
|
|a Universidad Nacional de Colombia.
|b Facultad Nacional de Agronomía.
|
| 776 |
0 |
8 |
|i Print version:
|t Revista Facultad Nacional de Agronomía
|w (DLC) 45022706
|w (OCoLC)1564113
|
| 856 |
4 |
0 |
|z Full text available from Research Library: 01/01/2004 to present
|u https://search.proquest.com/publication/2035754
|